|
|
|
|
| LEADER |
01468nam a2200301 a 4500 |
| 001 |
2577414 |
| 008 |
090629s1996 nyua b 001 0 eng d |
| 010 |
|
|
|a 96000531
|
| 020 |
|
|
|a 0471140848 (cloth : acid-free paper)
|
| 020 |
|
|
|a 047114083X (pbk. : acid-free paper)
|
| 040 |
|
|
|a DLC
|c DLC
|d DLC
|
| 082 |
0 |
0 |
|a 659.1
|2 20
|
| 100 |
1 |
|
|a Berke, Conrad.
|
| 245 |
1 |
0 |
|a Entrepreneur magazine :
|b successful advertising for small businesses /
|c Conrad Berke.
|
| 246 |
3 |
0 |
|a Successful advertising for small businesses
|
| 260 |
|
|
|a New York :
|b John Wiley,
|c c1996.
|
| 300 |
|
|
|a xii, 199 p. :
|b ill. ;
|c 24 cm.
|
| 490 |
1 |
|
|a The Entrepreneur magazine small business series
|
| 504 |
|
|
|a Includes bibliographical references (p. 191-192) and index.
|
| 541 |
1 |
|
|e 00007945
|
| 650 |
|
0 |
|a Advertising.
|
| 650 |
|
0 |
|a Small business
|x Management.
|
| 852 |
4 |
|
|a Ayesha Abed Library
|j General Shelf.
|
| 942 |
0 |
0 |
|0 1
|
| 999 |
|
|
|c 2068
|d 2068
|
| 952 |
|
|
|0 0
|1 0
|2 ddc
|4 0
|6 659_100000000000000_BER_1996
|7 0
|9 1902
|a BRACUL
|b BRACUL
|c GEN
|d 2009-07-07
|g 0.00
|l 0
|o 659.1 BER
|p 3010007945
|r 2009-07-07
|t 1
|w 2009-07-07
|y BK
|x No price found in the accession register.
|
| 952 |
|
|
|0 0
|1 0
|2 ddc
|4 0
|6 659_100000000000000_BER_1996
|7 0
|9 11217
|a BRACUL
|b BRACUL
|c GEN
|d 2010-06-23
|l 3
|m 12
|o 659.1 BER
|p 3010007944
|r 2023-07-19
|s 2023-05-14
|t 2
|w 2010-06-23
|y BK
|
| 952 |
|
|
|0 0
|1 0
|2 ddc
|4 0
|6 659_100000000000000_BER_1996
|7 0
|9 13324
|a BRACUL
|b BRACUL
|c GEN
|d 2010-11-28
|l 4
|m 23
|o 659.1 BER
|p 3010007943
|r 2022-03-15
|s 2022-03-10
|t 3
|w 2010-11-28
|y BK
|